书目信息 |
| 题名: |
药用植物育种学
|
|
| 作者: | 任跃英 主编 | |
| 分册: | ||
| 出版信息: | 北京 中国农业出版社 2020.7 |
|
| 页数: | 447页 | |
| 开本: | 26cm | |
| 丛书名: | ||
| 单 册: | ||
| 中图分类: | S567.035 | |
| 科图分类: | ||
| 主题词: | 药用植物--植物育种--高等教育--教材 , 药用植物 , 植物育种 | |
| 电子资源: | ||
| ISBN: | 978-7-109-15281-6 | |
| 000 | 00896nam0 2200265 45 | |
| 001 | 012001002858 | |
| 005 | 20141010102728.0 | |
| 010 | @a978-7-109-15281-6@dCNY59.50 | |
| 100 | @a20110813d2011 em y0chiy0110 ea | |
| 101 | 0 | @achi |
| 102 | @aCN@b110000 | |
| 105 | @ay z 000yy | |
| 106 | @ar | |
| 200 | 1 | @a药用植物育种学@f任跃英主编@Ayao yong zhi wu yu zhong xue |
| 210 | @a北京@c中国农业出版社@d2020.7 | |
| 215 | @a447页@d26cm | |
| 300 | @a普通高等教育“十一五”国家级规划教材 | |
| 330 | @a本书共分为四十七章,具体包括:品种的概念及育种目标、药用植物繁殖方式与品种类型、种质资源、选择育种、引种驯化、杂交育种、回交育种等内容。 | |
| 606 | 0 | @a药用植物@x植物育种@x高等教育@j教材 |
| 606 | 0 | @a药用植物 |
| 606 | 0 | @a植物育种 |
| 690 | @aS567.035@v4 | |
| 701 | 0 | @a任跃英@c(女,@f1958.11~)@4主编@Aren yue ying |
| 801 | 2 | @aCN@bBJSDL@c20211018 |
| 905 | @b1350599-601@dS567.035@e132@f3 | |
| 药用植物育种学/任跃英主编.-北京:中国农业出版社,2020.7 |
| 447页;26cm |
| 普通高等教育“十一五”国家级规划教材 |
| ISBN 978-7-109-15281-6:CNY59.50 |
| 本书共分为四十七章,具体包括:品种的概念及育种目标、药用植物繁殖方式与品种类型、种质资源、选择育种、引种驯化、杂交育种、回交育种等内容。 |
| ● |
| 相关链接 |
|
|
|
|
正题名:药用植物育种学
索取号:S567.035/132
 
预约/预借
| 序号 | 登录号 | 条形码 | 馆藏地/架位号 | 状态 | 备注 |
| 1 | 1350599 | 213505991 | 第二样本阅览室/ [索取号:S567.035/132] | 在馆 | |
| 2 | 1350600 | 213506008 | 第三借阅区/ [索取号:S567.035/132] | 在馆 | |
| 3 | 1350601 | 213506017 | 第三借阅区/ [索取号:S567.035/132] | 在馆 |